Statistics for Chemical Formulae

Click here to take the quiz!

General Stats

  • This quiz has been taken 48 times
    (40 since last reset)
  • The average score is 13 of 20

Answer Stats

FormulaSubstance% Correct
H₂OWater
96%
NaClSodium Chloride
92%
COCarbon Monoxide
88%
CuSO₄Copper Sulfate
88%
MgOMagnesium Oxide
88%
H₂SO₄Sulfuric Acid
85%
CH₄Methane
81%
Br₂Bromine
73%
C6H₁₂O6Glucose
73%
HNO₃Nitric Acid
69%
Fe₂O₃Iron (III) Oxide
65%
SO₂Sulfur Dioxide
65%
SO₄Sulfate
58%
NO₃⁻Nitrate
50%
C₃H8Propane
50%
CH₃COOHEthanoic Acid
42%
H2CO₃Carbonic Acid
35%
Fe₂O₃ • nH₂OHydrated Iron (III) Oxide
35%
CH₃COO⁻Ethanoate
23%
H₂SO₃Sulfurous acid
19%

Score Distribution

Percentile by Number Answered

Percent of People with Each Score

Your Score History

You have not taken this quiz since the last reset